All Manitoba MPs and Federal Ridings - Statistics

General Stats
  • This quiz has been taken 5 times
  • The average score is 16 of 28
Answer Stats
Riding/MP % Correct
Winnipeg Centre
100%
Winnipeg South
100%
Brandon—Souris
80%
Churchill—Keewatinook Aski
80%
Winnipeg North
80%
Winnipeg South Centre
80%
Winnipeg West
80%
Ben Carr
60%
Doug Eyolfson
60%
Elmwood—Transcona
60%
Kevin Lamoureux
60%
Leah Gazan
60%
Portage—Lisgar
60%
Rebecca Chartrand
60%
Selkirk—Interlake—Eastman
60%
St. Boniface—St. Vital
60%
Branden Leslie
40%
Colin Reynolds
40%
Dan Mazier
40%
Ginette Lavack
40%
Grant Jackson
40%
Kildonan—St. Paul
40%
Provencher
40%
Raquel Dancho
40%
Riding Mountain
40%
Ted Falk
40%
Terry Duguid
40%
James Bezan
20%
No matching quizzes found
Score Distribution
Percent of People with Each Score
Percentile by Number Answered
Your Score History
You have not taken this quiz